| 000 | 00705nam a2200241 a 4500 | ||
|---|---|---|---|
| 001 | 76860 | ||
| 003 | BD-RjUL | ||
| 005 | 20211209082910.0 | ||
| 008 | 200127r19621954enk 000 1 eng d | ||
| 035 | _a(UkLCURL)050017729166 | ||
| 035 | _a(BD-RjUL)77084 | ||
| 040 |
_aYWM _cYWM _dERL _dBD-RjUL _beng |
||
| 041 | _aeng | ||
| 082 |
_223 _a813.52 _bFAW 1962 |
||
| 100 | 1 |
_aFaulkner, William, _d1897-1962. _9238489 |
|
| 245 | 1 | 4 |
_aThe wild palms / _cby William Faulkner. |
| 260 |
_aLondon : _bChatto & Windus, _c1952. |
||
| 300 |
_a315 p ; _c19 cm. |
||
| 600 |
_aFaulkner, William, _d1897-1962 _9238493 |
||
| 650 |
_aFloods _9238491 |
||
| 651 |
_aMississippi River Valley _vFiction _9238492 |
||
| 942 |
_2ddc _cBK |
||
| 999 |
_c76860 _d76860 |
||